| 000 | 00538agd a2200205 4500 | ||
|---|---|---|---|
| 005 | 20170607104848.0 | ||
| 008 | 150610b xxu||||| |||| 00| 0 spa d | ||
| 041 | _aEspañol | ||
| 082 | _a238 DVD | ||
| 100 |
_aTschohl, John _95947 |
||
| 245 | _aCómo escuchar y preguntar activamente | ||
| 260 | _aMéxico | ||
| 260 | _bService Quality Institute | ||
| 260 | _c2004 | ||
| 300 | _a15 minutos | ||
| 650 |
_aSERVICIO AL CLIENTE _91558 |
||
| 650 |
_aESCUCHAR AL CLIENTE _942983 |
||
| 650 |
_aPREGUNTAR AL CLIENTE _942984 |
||
| 942 | _cDVD | ||
| 999 |
_c9526 _d9526 |
||